| Tag |
First Indicator |
Second Indicator |
Subfields |
| LEADER |
00000nam a22000001i 4500 |
| 001 |
in00004758563 |
| 006 |
m o d |
| 007 |
cr un||||||||| |
| 008 |
230112s2022 enka fob 001 0 eng d |
| 005 |
20231120174250.2 |
| 020 |
|
|
|a 9781529769555 :
|c No price
|q (ebook)
|
| 035 |
|
|
|a (OCoLC)1349281028
|
| 035 |
|
|
|a (CaToSAGE)SAGE000016881
|
| 040 |
|
|
|a CaToSAGE
|b eng
|e rda
|e pn
|c CaToSAGE
|d UtOrBLW
|
| 043 |
|
|
|a e-uk---
|a n-us---
|
| 050 |
|
4 |
|a HV8079.H6
|b B76 2022
|
| 082 |
0 |
4 |
|a 363.259523
|
| 100 |
1 |
|
|a Brookman, Fiona,
|e author.
|
| 245 |
1 |
0 |
|a Understanding homicide /
|c Fiona Brookman.
|
| 250 |
|
|
|a Second edition.
|
| 264 |
|
1 |
|a London :
|b SAGE Publications Ltd,
|c 2022.
|
| 300 |
|
|
|a 1 online resource (284 pages) :
|b illustrations
|
| 336 |
|
|
|a text
|b txt
|2 rdacontent
|
| 337 |
|
|
|a computer
|b c
|2 rdamedia
|
| 338 |
|
|
|a online resource
|b cr
|2 rdacarrier
|
| 504 |
|
|
|a Includes bibliographical references and index.
|
| 520 |
8 |
|
|a In this engaging and accessible book, Brookman draws upon several decades of her own research on homicide and violence, including ethnographic research on homicide investigation in the UK and USA and interviews with violent offenders, in order to unravel the characteristics and causes of homicide, how police and forensic scientists investigate it and how it can be prevented. Synthesising bespoke new analysis of the Home Office Homicide Index with case studies of homicides and international debate and literature, this comprehensive textbook will be a valuable resource for students studying homicide, violence, its investigation and responses to it, as well as researchers and practitioners interested in homicide and violence.
|
| 588 |
|
|
|a Description based on XML content.
|
| 650 |
|
0 |
|a Homicide investigation
|z Great Britain.
|
| 650 |
|
0 |
|a Homicide investigation
|z United States.
|
| 650 |
|
0 |
|a Homicide
|z Great Britain.
|
| 650 |
|
0 |
|a Homicide
|z United States.
|
| 655 |
|
7 |
|a Electronic books.
|2 local
|
| 710 |
2 |
|
|a Sage Publications.
|
| 776 |
0 |
8 |
|i Print version :
|z 9781526487452
|
| 856 |
4 |
0 |
|u http://proxy.library.tamu.edu/login?url=https://sk.sagepub.com/books/understanding-homicide-2e
|z Connect to the full text of this electronic book
|t 0
|
| 955 |
|
|
|a SAGE Knowledge
|
| 999 |
f |
f |
|s 143a2b89-275f-4fd4-985b-ed490e44ded7
|i 08db7a44-85d0-4f67-afd1-f812ddb76bf9
|t 0
|
| 952 |
f |
f |
|a Texas A&M University
|b College Station
|c Electronic Resources
|d Available Online
|t 0
|e HV8079.H6 B76 2022
|h Library of Congress classification
|
| 998 |
f |
f |
|a HV8079.H6 B76 2022
|t 0
|l Available Online
|